| 000 | 00725nam a2200217Ia 4500 | ||
|---|---|---|---|
| 003 | GCL | ||
| 008 | 140319s9999 xx 000 0 ara d | ||
| 040 |
_aGCL / _cGCL |
||
| 082 | 0 | 4 |
_a940.18 _bع ح |
| 100 | 1 | _aفيليب عطاالله | |
| 245 | 1 | 0 |
_aالحروب الصليبية وتأثيرها على العلاقات بين الشرق والغرب / _cفيليب عطاالله |
| 700 | 1 | _aاحمد خاكى | |
| 700 | 1 | _aعزيز سوريال عطية | |
| 260 |
_a[S.N] : _bدار الثقافة العربية ، _c1990 |
||
| 300 | _a271ص | ||
| 490 | _a | ||
| 650 | 0 | 4 | _aالحروب الصليبية |
| 650 | 0 | 4 | _aالتاريخ الاسلامى |
| 650 | 0 | 4 | _aالعصور الوسطى |
| 942 |
_2ddc _cBK |
||
| 999 |
_c29236 _d29236 |
||